<?xml version="1.0" encoding="UTF-8"?>
<record
    xmlns:xsi="http://www.w3.org/2001/XMLSchema-instance"
    xsi:schemaLocation="http://www.loc.gov/MARC21/slim http://www.loc.gov/standards/marcxml/schema/MARC21slim.xsd"
    xmlns="http://www.loc.gov/MARC21/slim">

  <leader>00736nas a22002177a 4500</leader>
  <controlfield tag="003">OSt</controlfield>
  <controlfield tag="005">20151125120635.0</controlfield>
  <controlfield tag="008">130703c1973    sp e|||| |||| 00| 0 spa d</controlfield>
  <datafield tag="022" ind1=" " ind2=" ">
    <subfield code="a">0214-7459</subfield>
  </datafield>
  <datafield tag="040" ind1=" " ind2=" ">
    <subfield code="c">CDMR</subfield>
    <subfield code="b">cat</subfield>
  </datafield>
  <datafield tag="222" ind1=" " ind2="0">
    <subfield code="a">IPMARK (Madrid)</subfield>
  </datafield>
  <datafield tag="245" ind1="0" ind2="0">
    <subfield code="a">IPMARK</subfield>
    <subfield code="b">: informaci&#xF3;n de publicidad y marketing</subfield>
  </datafield>
  <datafield tag="246" ind1=" " ind2=" ">
    <subfield code="a">IPMARK</subfield>
    <subfield code="b">: marketing + comunicaci&#xF3;n </subfield>
  </datafield>
  <datafield tag="260" ind1=" " ind2=" ">
    <subfield code="a">Madrid</subfield>
    <subfield code="b">Ediciones y Estudios</subfield>
    <subfield code="c">1973-</subfield>
  </datafield>
  <datafield tag="310" ind1=" " ind2=" ">
    <subfield code="a">Quinzenal</subfield>
  </datafield>
  <datafield tag="500" ind1=" " ind2=" ">
    <subfield code="a">Continua: IP, informaci&#xF3;n de la publicidad (1962-1973)</subfield>
  </datafield>
  <datafield tag="650" ind1="0" ind2="4">
    <subfield code="9">875</subfield>
    <subfield code="a">Publicitat</subfield>
    <subfield code="v">Revistes</subfield>
  </datafield>
  <datafield tag="650" ind1="0" ind2="4">
    <subfield code="9">4581</subfield>
    <subfield code="a">Comunicaci&#xF3; en m&#xE0;rqueting</subfield>
  </datafield>
  <datafield tag="856" ind1="4" ind2="0">
    <subfield code="u">http://dialnet.unirioja.es/servlet/revista?codigo=10624</subfield>
    <subfield code="y">Sumaris disponibles en l&#xED;nia (Dialnet)</subfield>
  </datafield>
  <datafield tag="942" ind1=" " ind2=" ">
    <subfield code="2">udc</subfield>
    <subfield code="c">SER</subfield>
    <subfield code="s">1</subfield>
  </datafield>
  <datafield tag="999" ind1=" " ind2=" ">
    <subfield code="c">6560</subfield>
    <subfield code="d">6560</subfield>
  </datafield>
  <datafield tag="952" ind1=" " ind2=" ">
    <subfield code="0">0</subfield>
    <subfield code="1">0</subfield>
    <subfield code="4">0</subfield>
    <subfield code="7">0</subfield>
    <subfield code="a">CDMR</subfield>
    <subfield code="b">CDMR</subfield>
    <subfield code="d">2013-01-16</subfield>
    <subfield code="e">Donaci&#xF3;</subfield>
    <subfield code="g">99.99</subfield>
    <subfield code="h">N&#xFA;m. 752 (gen. 2011) - </subfield>
    <subfield code="l">0</subfield>
    <subfield code="r">2013-07-03</subfield>
    <subfield code="v">99.99</subfield>
    <subfield code="w">2013-07-03</subfield>
    <subfield code="y">SER</subfield>
    <subfield code="z">Disponibles els n&#xFA;meros corresponents als dos &#xFA;ltims anys</subfield>
  </datafield>
  <datafield tag="952" ind1=" " ind2=" ">
    <subfield code="0">0</subfield>
    <subfield code="1">0</subfield>
    <subfield code="4">0</subfield>
    <subfield code="7">0</subfield>
    <subfield code="a">CDMR</subfield>
    <subfield code="b">CDMR</subfield>
    <subfield code="d">2016-04-09</subfield>
    <subfield code="e">Donaci&#xF3;</subfield>
    <subfield code="h">825</subfield>
    <subfield code="l">1</subfield>
    <subfield code="m">1</subfield>
    <subfield code="p">CDMR16061259</subfield>
    <subfield code="r">2016-07-07</subfield>
    <subfield code="s">2016-06-09</subfield>
    <subfield code="w">2016-06-09</subfield>
    <subfield code="y">SER</subfield>
  </datafield>
  <datafield tag="952" ind1=" " ind2=" ">
    <subfield code="0">0</subfield>
    <subfield code="1">0</subfield>
    <subfield code="4">0</subfield>
    <subfield code="7">0</subfield>
    <subfield code="a">CDMR</subfield>
    <subfield code="b">CDMR</subfield>
    <subfield code="d">2016-03-09</subfield>
    <subfield code="e">Donaci&#xF3;</subfield>
    <subfield code="h">824</subfield>
    <subfield code="l">1</subfield>
    <subfield code="m">1</subfield>
    <subfield code="p">CDMR16061260</subfield>
    <subfield code="r">2016-07-07</subfield>
    <subfield code="s">2016-06-09</subfield>
    <subfield code="w">2016-06-09</subfield>
    <subfield code="y">SER</subfield>
  </datafield>
  <datafield tag="952" ind1=" " ind2=" ">
    <subfield code="0">0</subfield>
    <subfield code="1">0</subfield>
    <subfield code="4">0</subfield>
    <subfield code="7">0</subfield>
    <subfield code="a">CDMR</subfield>
    <subfield code="b">CDMR</subfield>
    <subfield code="d">2018-03-28</subfield>
    <subfield code="e">Donaci&#xF3;</subfield>
    <subfield code="h">843</subfield>
    <subfield code="l">2</subfield>
    <subfield code="m">1</subfield>
    <subfield code="p">CDMR18030002</subfield>
    <subfield code="r">2018-05-14</subfield>
    <subfield code="s">2018-05-10</subfield>
    <subfield code="w">2018-03-28</subfield>
    <subfield code="y">SER</subfield>
  </datafield>
  <datafield tag="952" ind1=" " ind2=" ">
    <subfield code="0">0</subfield>
    <subfield code="1">0</subfield>
    <subfield code="4">0</subfield>
    <subfield code="7">0</subfield>
    <subfield code="a">CDMR</subfield>
    <subfield code="b">CDMR</subfield>
    <subfield code="d">2018-03-28</subfield>
    <subfield code="e">Donaci&#xF3;</subfield>
    <subfield code="h">842</subfield>
    <subfield code="l">2</subfield>
    <subfield code="m">1</subfield>
    <subfield code="p">CDMR18030003</subfield>
    <subfield code="r">2018-05-14</subfield>
    <subfield code="s">2018-05-10</subfield>
    <subfield code="w">2018-03-28</subfield>
    <subfield code="y">SER</subfield>
  </datafield>
  <datafield tag="952" ind1=" " ind2=" ">
    <subfield code="0">0</subfield>
    <subfield code="1">0</subfield>
    <subfield code="4">0</subfield>
    <subfield code="7">0</subfield>
    <subfield code="a">CDMR</subfield>
    <subfield code="b">CDMR</subfield>
    <subfield code="d">2018-09-03</subfield>
    <subfield code="h">850</subfield>
    <subfield code="l">3</subfield>
    <subfield code="m">2</subfield>
    <subfield code="p">CDMR18090002</subfield>
    <subfield code="r">2018-11-29</subfield>
    <subfield code="s">2018-11-15</subfield>
    <subfield code="w">2018-09-03</subfield>
    <subfield code="y">SER</subfield>
  </datafield>
</record>
